000
00489nam a2200181Ia 4500
008
090124s9999 xx 000 0 und d
082
_b
27848
100
_a
गस्ती भीमराव
245
_a
बेरड
250
_a
1
260
_b
पारख प्रकाशन
_c
1987
300
_a
330
600
_a
गस्ती भीमराव
630
_a
बेरड
700
_a
गस्ती भीमराव
730
_a
बेरड
942
_c
BOOK
999
_c
95159
_d
95159